<?xml version="1.0" encoding="UTF-8"?>
<record
    xmlns:xsi="http://www.w3.org/2001/XMLSchema-instance"
    xsi:schemaLocation="http://www.loc.gov/MARC21/slim http://www.loc.gov/standards/marcxml/schema/MARC21slim.xsd"
    xmlns="http://www.loc.gov/MARC21/slim">

  <leader>00939nab a2200205 i 4500</leader>
  <controlfield tag="001">768714001</controlfield>
  <controlfield tag="003">CO-MdFUSB</controlfield>
  <controlfield tag="005">20240509150807.0</controlfield>
  <controlfield tag="008">240508t1969    sp ||||| |||| 00| 0 spa d</controlfield>
  <datafield tag="040" ind1=" " ind2=" ">
    <subfield code="b">spa</subfield>
    <subfield code="c">CO-MdFUSB</subfield>
    <subfield code="d">CO-MdFUSB</subfield>
  </datafield>
  <datafield tag="041" ind1=" " ind2=" ">
    <subfield code="a">spa</subfield>
  </datafield>
  <datafield tag="100" ind1=" " ind2=" ">
    <subfield code="a">Vilanova, Evangelista,</subfield>
    <subfield code="e">autor</subfield>
  </datafield>
  <datafield tag="245" ind1=" " ind2=" ">
    <subfield code="a">Crisis de la liturgia y cr&#xED;tica de la religi&#xF3;n</subfield>
    <subfield code="c">/ Evangelista Vilanova</subfield>
  </datafield>
  <datafield tag="520" ind1=" " ind2=" ">
    <subfield code="a">Reconocer la ambig&#xFC;edad de la religi&#xF3;n y de la liturgia es situarse en el camino de la salvaci&#xF3;n.  Cristo ha venido a juzgar a la religi&#xF3;n, es decir, a condenarla y tambi&#xE9;n a salvarla.  Dicha salvaci&#xF3;n tiene lugar por la fe.</subfield>
  </datafield>
  <datafield tag="650" ind1=" " ind2="7">
    <subfield code="a">Liturgia</subfield>
    <subfield code="9">206</subfield>
  </datafield>
  <datafield tag="650" ind1=" " ind2="0">
    <subfield code="a">Adoraci&#xF3;n</subfield>
    <subfield code="9">1066</subfield>
  </datafield>
  <datafield tag="773" ind1="0" ind2=" ">
    <subfield code="0">49450</subfield>
    <subfield code="9">82605</subfield>
    <subfield code="o">R2532</subfield>
    <subfield code="t">Revista internacional de teolog&#xED;a Concilium</subfield>
    <subfield code="w">(CO-MdFUSB)8</subfield>
    <subfield code="x">0210-1041</subfield>
    <subfield code="g">N&#xFA;mero 42, (febrero, 1969), p&#xE1;ginas:  177 - 190</subfield>
    <subfield code="q">p&#xE1;gina: 177</subfield>
  </datafield>
  <datafield tag="942" ind1=" " ind2=" ">
    <subfield code="c">ANA</subfield>
  </datafield>
  <datafield tag="945" ind1=" " ind2=" ">
    <subfield code="a">Catherine Arias Alvarez - Practicante SENA</subfield>
  </datafield>
  <datafield tag="999" ind1=" " ind2=" ">
    <subfield code="c">69621</subfield>
    <subfield code="d">69621</subfield>
  </datafield>
</record>
